书目信息 |
| 题名: |
组合数学教程
|
|
| 作者: | 范林特 著 | |
| 分册: | ||
| 出版信息: | 北京 机械工业出版社 2004.01 |
|
| 页数: | 602页 | |
| 开本: | 26cm | |
| 丛书名: | 经典原版书库 | |
| 单 册: | ||
| 中图分类: | O157 | |
| 科图分类: | ||
| 主题词: | 组合数学--英文 | |
| 电子资源: | ||
| ISBN: | 7-111-13992-5 | |
| 000 | 00949nam 2200265 450 | |
| 001 | 0133014342 | |
| 005 | 20051130101551.78 | |
| 010 | @a7-111-13992-5@dCNY58.00 | |
| 100 | @a20050425d2004 km y0chiy0120 ea | |
| 101 | 0 | @aeng |
| 102 | @aCN@b110000 | |
| 105 | @aa z 000yy | |
| 200 | 1 | @a组合数学教程@Azu he shu xue jiao cheng@d= A Course in Combinatorics@f(荷) 范林特 (Van-Lint,J.H.) 等著@F(he)fan lin te(Van-Lint,J.H.)deng zhu@zeng |
| 205 | @a影印版 | |
| 210 | @a北京@c机械工业出版社@d2004.01 | |
| 215 | @a602页@c图@d26cm | |
| 225 | 2 | @a经典原版书库 |
| 330 | @a本书涵盖了组合数学所涉及的绝大部分领域。组合数学是研究离散对象关系模式的数学分支,是一门在理论和应用上涉及范围很广泛的学科。 | |
| 410 | 0 | @12001 @a经典原版书库 |
| 510 | 1 | @aCourse in Combinatorics@zeng |
| 606 | 0 | @a组合数学@x英文 |
| 690 | @aO157@v4 | |
| 701 | 1 | @a范林特@Afan lin te@bJ.H.@g(Van-Lint,J.H.)@4著 |
| 801 | 0 | @aCN@bQSSK@c20051130 |
| 905 | @a10447@dO157@eF126 | |
| 组合数学教程= A Course in Combinatorics/(荷) 范林特 (Van-Lint,J.H.) 等著.-影印版.-北京:机械工业出版社,2004.01 |
| 602页:图;26cm.-(经典原版书库) |
| ISBN 7-111-13992-5:CNY58.00 |
| 本书涵盖了组合数学所涉及的绝大部分领域。组合数学是研究离散对象关系模式的数学分支,是一门在理论和应用上涉及范围很广泛的学科。 |
| ● |
| 相关链接 |
|
|
|
正题名:组合数学教程
索取号:O157/F126
 
预约/预借
| 序号 | 登录号 | 条形码 | 馆藏地/架位号 | 状态 | 备注 |
| 1 | 576723 | 205767231 | 自科库401/401自科库 42排3列4层/ [索取号:O157/F126] | 在馆 | |
| 2 | 576724 | 205767240 | 自科库401/401自科库 42排3列4层/ [索取号:O157/F126] | 在馆 |